Zgadnij stolicę - quiz wielokrotnego wyboru+ DLA GEOMEXA - Statystyki

Ogólne statystyki
  • Ten quiz został rozwiązany 27 razy
  • Średni wynik to 12 z 20
Statystyki odpowiedzi
Zagadnienie Odpowiedź % Poprawnych
Australia Canberra
100%
Norwegia Oslo
100%
Łotwa Ryga
100%
Armenia Erywań
93%
Słowenia Lublana
93%
Uganda Kampala
87%
Irak Bagdad
80%
Surinam Paramaribo
67%
Nowa Zelandia Wellington
67%
Kambodża Phnom Penh
60%
Saint Kitts i Nevis Basseterre
53%
Palau Ngerulmud
53%
Timor Wschodni Dili
40%
Gwinea Konakry
40%
Republika Zielonego Przylądka Praia
40%
Sri Lanka Sri Dźajawardanapura Kotte
40%
Belize Belmopan
33%
Sudan Południowy Dżuba
27%
Wyspy Marshalla Majuro
27%
Dominika Roseau
20%
Nie znaleziono quizów pasujących do podanych kryteriów
Rozkład punktacji
Procent ludzi z każdym wynikiem
Percentyl według liczby udzielonych odpowiedzi
Twoja historia wyników
Nie rozwiązałeś tego quizu